<?xml version="1.0" encoding="UTF-8"?>
<record
    xmlns:xsi="http://www.w3.org/2001/XMLSchema-instance"
    xsi:schemaLocation="http://www.loc.gov/MARC21/slim http://www.loc.gov/standards/marcxml/schema/MARC21slim.xsd"
    xmlns="http://www.loc.gov/MARC21/slim">

  <leader>01101nam a2200277 a 4500</leader>
  <controlfield tag="003">OSt</controlfield>
  <controlfield tag="005">20260321073637.0</controlfield>
  <controlfield tag="008">081031s2006    dr      r     001 0 spa d</controlfield>
  <datafield tag="020" ind1=" " ind2=" ">
    <subfield code="z">9993488620</subfield>
  </datafield>
  <datafield tag="040" ind1=" " ind2=" ">
    <subfield code="a">DO-SdBNP</subfield>
    <subfield code="b">spa</subfield>
    <subfield code="c">BNPHU</subfield>
  </datafield>
  <datafield tag="082" ind1=" " ind2=" ">
    <subfield code="a">923.77295</subfield>
    <subfield code="b">H831b, 2006</subfield>
    <subfield code="2">22</subfield>
  </datafield>
  <datafield tag="100" ind1="1" ind2=" ">
    <subfield code="a"> Bosch, Juan, </subfield>
    <subfield code="d">1909-2001</subfield>
    <subfield code="b">1909-2001</subfield>
    <subfield code="9">76555</subfield>
  </datafield>
  <datafield tag="245" ind1="1" ind2="0">
    <subfield code="a">Hostos, el sembrador /</subfield>
    <subfield code="c">Juan Bosch.</subfield>
  </datafield>
  <datafield tag="250" ind1=" " ind2=" ">
    <subfield code="a">10a. ed.</subfield>
  </datafield>
  <datafield tag="260" ind1=" " ind2=" ">
    <subfield code="a">Santo Domingo :</subfield>
    <subfield code="b">Fundaci&#xF3;n Juan Bosch,</subfield>
    <subfield code="c">2006.</subfield>
  </datafield>
  <datafield tag="300" ind1=" " ind2=" ">
    <subfield code="a">278 p. ;</subfield>
    <subfield code="c">23 cm.</subfield>
  </datafield>
  <datafield tag="490" ind1="1" ind2=" ">
    <subfield code="a">Biograf&#xED;as americanas</subfield>
    <subfield code="v">5</subfield>
  </datafield>
  <datafield tag="500" ind1=" " ind2=" ">
    <subfield code="a">Edici&#xF3;n especial en homenaje a Eugenio Mar&#xED;a de Hostos con motivo de los 100 a&#xF1;os de su muerte</subfield>
  </datafield>
  <datafield tag="505" ind1="2" ind2=" ">
    <subfield code="a">Pr&#xF3;logo para una edici&#xF3;n puertorrique&#xF1;a de Hostos, el sembrador -- La semilla -- El surco y la siembra -- La triste cosecha.</subfield>
  </datafield>
  <datafield tag="590" ind1=" " ind2=" ">
    <subfield code="a">Inventariado, 2020/VM</subfield>
  </datafield>
  <datafield tag="600" ind1="1" ind2="0">
    <subfield code="a">Hostos y Bonilla, Eugenio  Mar&#xED;a </subfield>
    <subfield code="d">1839-1903</subfield>
    <subfield code="9">1004</subfield>
  </datafield>
  <datafield tag="650" ind1=" " ind2="4">
    <subfield code="a">Intelectuales </subfield>
    <subfield code="v">Biograf&#xED;a de Puerto Rico.</subfield>
    <subfield code="x"> </subfield>
    <subfield code="9">77588</subfield>
  </datafield>
  <datafield tag="830" ind1=" " ind2="0">
    <subfield code="a">Biograf&#xED;as americanas</subfield>
    <subfield code="v">5</subfield>
    <subfield code="9">1005</subfield>
  </datafield>
  <datafield tag="910" ind1=" " ind2=" ">
    <subfield code="a">VMateo / Validado. Control de calidad. MMOLINA</subfield>
  </datafield>
  <datafield tag="942" ind1=" " ind2=" ">
    <subfield code="2">ddc</subfield>
    <subfield code="c">LBS1</subfield>
  </datafield>
  <datafield tag="952" ind1=" " ind2=" ">
    <subfield code="0">0</subfield>
    <subfield code="1">0</subfield>
    <subfield code="2">ddc</subfield>
    <subfield code="5">6</subfield>
    <subfield code="7">5</subfield>
    <subfield code="8">DS</subfield>
    <subfield code="a">BNPHU</subfield>
    <subfield code="b">BNPHU</subfield>
    <subfield code="c">HD</subfield>
    <subfield code="d">2009-07-11</subfield>
    <subfield code="e">Compra</subfield>
    <subfield code="l">0</subfield>
    <subfield code="o">BNPHU DS 923.77295 H831b, 2006</subfield>
    <subfield code="p">297-30</subfield>
    <subfield code="r">2020-06-25</subfield>
    <subfield code="t">e. 3</subfield>
    <subfield code="w">2020-06-25</subfield>
    <subfield code="y">LF1</subfield>
  </datafield>
  <datafield tag="952" ind1=" " ind2=" ">
    <subfield code="0">0</subfield>
    <subfield code="1">0</subfield>
    <subfield code="2">ddc</subfield>
    <subfield code="5">6</subfield>
    <subfield code="7">5</subfield>
    <subfield code="8">DS</subfield>
    <subfield code="a">BNPHU</subfield>
    <subfield code="b">BNPHU</subfield>
    <subfield code="c">HD</subfield>
    <subfield code="d">2009-07-11</subfield>
    <subfield code="e">Compra</subfield>
    <subfield code="i"> </subfield>
    <subfield code="l">0</subfield>
    <subfield code="o">BNPHU DS 923.77295 H831b, 2006</subfield>
    <subfield code="p">297-40</subfield>
    <subfield code="r">2020-06-25</subfield>
    <subfield code="t">e. 4</subfield>
    <subfield code="w">2020-06-25</subfield>
    <subfield code="y">LF1</subfield>
  </datafield>
  <datafield tag="952" ind1=" " ind2=" ">
    <subfield code="0">0</subfield>
    <subfield code="1">1</subfield>
    <subfield code="5">4</subfield>
    <subfield code="7">5</subfield>
    <subfield code="8">DS</subfield>
    <subfield code="a">BNPHU</subfield>
    <subfield code="b">BNPHU</subfield>
    <subfield code="c">MI</subfield>
    <subfield code="d">2009-07-11</subfield>
    <subfield code="i">LF1</subfield>
    <subfield code="l">0</subfield>
    <subfield code="o">923.77295 H831b, 2006</subfield>
    <subfield code="p">297-50</subfield>
    <subfield code="r">2020-06-25</subfield>
    <subfield code="t">e. 5</subfield>
    <subfield code="w">2020-06-25</subfield>
    <subfield code="y">LF1</subfield>
    <subfield code="Z">Pr&#xE9;stamo en sala</subfield>
  </datafield>
  <datafield tag="952" ind1=" " ind2=" ">
    <subfield code="0">0</subfield>
    <subfield code="1">0</subfield>
    <subfield code="2">ddc</subfield>
    <subfield code="5">1</subfield>
    <subfield code="7">2</subfield>
    <subfield code="8">PD</subfield>
    <subfield code="a">BNPHU</subfield>
    <subfield code="b">BNPHU</subfield>
    <subfield code="c">HD</subfield>
    <subfield code="d">2009-07-11</subfield>
    <subfield code="e">Compra</subfield>
    <subfield code="l">0</subfield>
    <subfield code="o">BNPHU PD 923.77295 H831b, 2006</subfield>
    <subfield code="p">297-10</subfield>
    <subfield code="r">2020-06-25</subfield>
    <subfield code="w">2020-06-25</subfield>
    <subfield code="y">LF1</subfield>
  </datafield>
  <datafield tag="952" ind1=" " ind2=" ">
    <subfield code="0">0</subfield>
    <subfield code="1">0</subfield>
    <subfield code="2">ddc</subfield>
    <subfield code="5">3</subfield>
    <subfield code="7">2</subfield>
    <subfield code="8">PD</subfield>
    <subfield code="a">BNPHU</subfield>
    <subfield code="b">BNPHU</subfield>
    <subfield code="c">HD</subfield>
    <subfield code="d">2009-07-11</subfield>
    <subfield code="e">Compra</subfield>
    <subfield code="i"> </subfield>
    <subfield code="l">0</subfield>
    <subfield code="o">BNPHU PD S 923.77295 H831b, 2006</subfield>
    <subfield code="p">297-20</subfield>
    <subfield code="r">2020-06-25</subfield>
    <subfield code="t">e. 2</subfield>
    <subfield code="w">2020-06-25</subfield>
    <subfield code="y">LF1</subfield>
  </datafield>
  <datafield tag="999" ind1=" " ind2=" ">
    <subfield code="c">296</subfield>
    <subfield code="d">296</subfield>
  </datafield>
</record>
